| 000 | 00679nam a2200277Ia 4500 | ||
|---|---|---|---|
| 008 | 220216s9999 xx 000 0 und d | ||
| 100 | _aJoseph P | ||
| 245 | 0 | _aEffect of organic manure on growth of immature rubber | |
| 260 |
_bNatural Rubber Research _c2006 |
||
| 300 | _a62-67 | ||
| 650 | _aGrowth | ||
| 650 | _aImmature rubber | ||
| 650 | _aMucuna bracteata | ||
| 650 | _aOrganic manure | ||
| 650 | _aSoil nutrient status | ||
| 700 | _aAbraham J | ||
| 700 | _aGeorge S | ||
| 700 | _aJessy M D | ||
| 700 | _aJohn J | ||
| 700 | _aJoseph M | ||
| 700 | _aMathew T P | ||
| 700 | _aNair R B | ||
| 700 | _aPratapan K | ||
| 700 | _aPunnoose K I | ||
| 942 | _cJS | ||
| 999 |
_c58009 _d58009 |
||